Statistics for The Legend of Zelda: Skyward Sword trivia

Click here to take the quiz!

General Stats

  • This quiz has been taken 275 times
  • The average score is 11 of 17

Answer Stats

QuestionAnswer% Correct
Who is Links companion throughout the game?Fi
94%
What specific colour is Links Loftwing? (not just 'red')Crimson
91%
Who is Links RivalGroose
91%
How many times do you visit the silent realms?4
83%
What is the name of the woman who resides in the Sealed Grounds?Impa
83%
How many fights with it are there?3
82%
Who does he want to resurrect?Demise
81%
How many dungeons are there?8
78%
What is Zelda's true identity?The Goddess Hylia
74%
What is the name of the monster that attacks the sealing grounds multiple times?The Imprisoned
69%
What can you find in the toilet in the academy when it is night?A Ghostly Hand
68%
Where is Skyward Sword in the timeline?At the beginning
52%
What is the name of the restaurant in the sky?The Lumpy Pumpkin
49%
What sword does Link get at the start of the game?The Training Sword
47%
What is the name of the first dungeon?Skyview Temple
46%
Who is the senior at the night academy?Pipit
36%
Who opposes Link throughout the game?Giriham
11%

Score Distribution

Percentile by Number Answered

Percent of People with Each Score

Your Score History

You have not taken this quiz